00387nam a2200157Ia 4500003000900000008004100009040001300050040001300063100002400076245007100100250001200171260001300183300000800196490000600204700001900210IT-RoPAU120407s9999 xx 000 0 und d aIT-RoPAU cIT-RoPAU aBenedetta Papasogli aLa parabola delle due spose (vita di S. Maria Maddalena de' Pazzi) aTorino  aGribaudi c cm v1 aBruno Secondin